| 000 | 00634nam a22002057a 4500 | ||
|---|---|---|---|
| 005 | 20170131120712.0 | ||
| 010 | _aENG-117130 | ||
| 020 |
_a9789386050236 _c399.00 |
||
| 035 | _aEN-100662 | ||
| 037 | _bDBAD/PUB | ||
| 082 | _a921 | ||
| 100 | _aGodden,Rumer | ||
| 245 |
_aGulbadan : _cby Rumer Godden _bPortrait of a princess at the mughal court / |
||
| 260 |
_aNew Delhi _bSpeaking Tiger _c2016 |
||
| 270 |
_a4381/4, Ansari Road,Daryaganj, _bNew Delhi _e110002 |
||
| 300 |
_a167p. _c20cm(Hb) |
||
| 490 | _aA Ruskin Bond Selection | ||
| 500 | _aIncludes Bibliographical references | ||
| 942 |
_2ddc _cEN _h921 _mGOD |
||
| 999 |
_c105925 _d105925 |
||